000
00296nam a2200121Ia 4500
008
190902s9999||||xx |||||||||||||| ||und||
020
_a
0-88022-884-9
100
_a
Danesh, Motlagh
245
0
_a
Mastering Cold Fusion 4.5
260
_a
India
_b
The McGraw-Hill
_c
2000
300
_a
1067
942
_c
BK
999
_c
2733
_d
2733